Tarjetero histórico (Record no. 60699)
[ view plain ]
| 000 -LEADER | |
|---|---|
| campo de control de longitud fija | 00564nam a2200157 i 4500 |
| 001 - NÚMERO DE CONTROL | |
| campo de control | 60699 |
| 003 - IDENTIFICADOR DE NÚMERO DE CONTROL | |
| campo de control | ES-MaACL |
| 005 - FECHA Y HORA DE LA ÚLTIMA TRANSACCIÓN | |
| campo de control | 20230906164304.0 |
| 007 - CAMPO FIJO DE DESCRIPCIÓN FÍSICA--INFORMACIÓN GENERAL | |
| campo de control de longitud fija | t| |
| 008 - DATOS DE LONGITUD FIJA--INFORMACIÓN GENERAL | |
| campo de control de longitud fija | 031105s1961 sp ||||1| spa d |
| 100 1# - ENTRADA PRINCIPAL--NOMBRE DE PERSONA | |
| Nombre de persona | Esteves Voelckers, Guillermo. |
| 9 (RLIN) | 48158 |
| 245 10 - MENCIÓN DEL TÍTULO | |
| Título | Tarjetero histórico |
| Resto del título | : noticias sobre el segundo viaje del almirante Critobal Colón, su paso por Boriquen, el sitio del desembarco / |
| Mención de responsabilidad, etc. | Guillermo Esteves Völckers. |
| 260 ## - PUBLICACIÓN, DISTRIBUCIÓN, ETC. | |
| Lugar de publicación, distribución, etc. | Madrid : |
| Nombre del editor, distribuidor, etc. | [s.n., |
| Fecha de publicación, distribución, etc. | 1961] |
| 300 ## - DESCRIPCIÓN FÍSICA | |
| Extensión | 646 p., 2 lám. : |
| Otras características físicas | il. ; |
| Dimensiones | 27 cm. |
| 852 ## - LOCALIZACIÓN | |
| Ubicación | ES-MaACL |
| Número de control de estantería | C-20737 |
| Sublocalización o colección | R.48910 |
| Estatus retirado | Estado de pérdida | Estado de daño | No para préstamo | Biblioteca de origen | Biblioteca actual | Ubicación en estantería | Fecha de adquisición | Fuente de adquisición | Total de préstamos | Signatura topográfica completa | Código de barras | Visto por última vez | Precio de reemplazo | Tipo de ítem Koha |
|---|---|---|---|---|---|---|---|---|---|---|---|---|---|---|
| Biblioteca del Ateneo de Madrid | Biblioteca del Ateneo de Madrid | Galería | 17/01/2008 | C-20737 | 1063657 | 23/02/2023 | 23/02/2023 | Libro impreso |
